| 000 | 00552nam a22002177a 4500 | ||
|---|---|---|---|
| 005 | 20190409115438.0 | ||
| 008 | 190409b xxu||||| |||| 00| 0 spa d | ||
| 020 | _a9789706251466 | ||
| 041 | _aspa | ||
| 082 | _a155.904.2 R115c | ||
| 100 |
_aRaber, Merril _953359 |
||
| 100 |
_aDyck, George _953360 |
||
| 245 | _aControl del estrés para la salud mental | ||
| 260 | _aMéxico | ||
| 260 | _bGrupo Editorial Iberoamérica | ||
| 260 | _c1997 | ||
| 300 | _a85 páginas | ||
| 650 |
_aESTRÉS _94272 |
||
| 650 |
_aSALUD MENTAL _91368 |
||
| 942 | _cBK | ||
| 999 |
_c11865 _d11865 |
||